000 01028cam a22003017a 4500
003 CHAP
005 20220329141447.0
008 971013s1988 r 00010 d
010 _a68532
011 _a69504
035 _a78981
040 _cCHAP
090 _aFolleto 11137
100 0 0 _aSánchez Colín, Salvador.
_9107431
245 0 _aOrientación profesional agronómica
260 _a[Toluca, Méx.] :
_bEl autor,
_c1988
300 _a56 p.
500 _aPonencia presentada en: Simposio de la Escuela de Agronomía y Bioquímica del ITESM. Campus Querétaro (8: 1988: Querétaro, Qro.)
590 _aBATCH-UPD
_b10
_c20130110
_lUCH01
_h2126
590 _aBATCH-UPD
_b10
_c20130410
_lUCH01
_h1436
590 _aBATCH-UPD
_b10
_c20130913
_lUCH01
_h2303
590 _aCONVERSION
_b10
_c20130109
_lUCH01
_h1338
650 1 4 _aAgricultura
_xDiscursos, ensayos, conferencias.
_91406
650 1 4 _aAguacate
_xInvestigacion.
_92528
901 _aBK
942 _cFOLL
949 _aFolleto 11137
_bBC
_cFOLL
_d-31858
_eTS1
_i78981
_si
999 _c68532
_d68532